| 000 | 00547nam a22001697a 4500 | ||
|---|---|---|---|
| 005 | 20251108172024.0 | ||
| 008 | 250721s1986 xx 000 0 ara d | ||
| 082 | 1 | 4 | _a370.1/إسح |
| 100 | 1 | _aفرحان، إسحاق أحمد | |
| 245 | 1 | 0 | _aأزمة التربية في الوطن العربي من منظور إسلامي / |
| 264 | 1 |
_aعمان : _bدار الفرقان للنشر، _c1986. |
|
| 300 | _a72ص | ||
| 650 | 1 | 7 | _aالتربية و التعليم |
| 650 | 1 | 7 | _aفلسفة و نظريات |
| 942 |
_2ddc _cBK |
||
| 999 |
_c68489 _d68489 |
||